00945nam a22002657a 4500999001700000003000900017005001700026008004100043020001800084040004300102082002000145100002600165245005600191250001900247264006500266300002700331336002600358337002800384338002700412650004900439653002100488655002400509942001200533952013400545 c29226d29197EG-ScBUE20210711113441.0200219s2009 ii f d 000 0 eng d a9788189741792 aEG-ScBUEbengerdacEG-ScBUEdEG-ScBUE04a621.03bSUB2221 aSubbu, D. R,eauthor.10a Dictionary of mechanical engineering /cD R Subbu. aFirst edition. 1aNew Delhi :bSBS Publishers & Distributors PVT. LTD.,c2009. avi, 393 pages ;c24 cm 2rdacontentatextbtxt 2rdamediaaunmediatedbn 2rdacarrieravolumebnc 7aMechanical engineeringvDictionaries.2BUEsh bENGMECcJune2021 vReading book934232 2ddccBB 00102ddc40708Donation-GaMAINbMAINc1STd2021-07-11eDonationl0o621.03 SUBp000050394r2025-07-15 00:00:00w2021-07-11yBB